<?xml version="1.0" encoding="UTF-8"?>
<record
    xmlns:xsi="http://www.w3.org/2001/XMLSchema-instance"
    xsi:schemaLocation="http://www.loc.gov/MARC21/slim http://www.loc.gov/standards/marcxml/schema/MARC21slim.xsd"
    xmlns="http://www.loc.gov/MARC21/slim">

  <leader>00642nam a22001577a 4500</leader>
  <controlfield tag="003">OSt</controlfield>
  <controlfield tag="005">20151020144204.0</controlfield>
  <controlfield tag="008">151020b        xxu||||| |||| 00| 0 eng d</controlfield>
  <datafield tag="040" ind1=" " ind2=" ">
    <subfield code="c">RUA</subfield>
  </datafield>
  <datafield tag="082" ind1=" " ind2=" ">
    <subfield code="a">AVM SIP 2010 B094 Or.1</subfield>
  </datafield>
  <datafield tag="100" ind1=" " ind2=" ">
    <subfield code="9">2519</subfield>
    <subfield code="a">SIP, PUTHISOPHUL.</subfield>
  </datafield>
  <datafield tag="245" ind1=" " ind2=" ">
    <subfield code="a">Effect of water spinach broken rice and rice bran on rabbits growth, &#x17A5;&#x1791;&#x17D2;&#x1790;&#x17B7;&#x1796;&#x179B;&#x1793;&#x17C3;&#x1780;&#x17B6;&#x179A;&#x1794;&#x17D2;&#x179A;&#x17BE;&#x1794;&#x17D2;&#x179A;&#x17B6;&#x179F;&#x17CB;&#x178F;&#x17D2;&#x179A;&#x1780;&#x17BD;&#x1793; &#x1785;&#x17BB;&#x1784;&#x17A2;&#x1784;&#x17D2;&#x1780;&#x179A; &#x1793;&#x17B7;&#x1784;&#x1780;&#x1793;&#x17D2;&#x1791;&#x1780;&#x17CB;&#x179B;&#x17BE;&#x1780;&#x17B6;&#x179A;&#x179B;&#x17BC;&#x178F;&#x179B;&#x17B6;&#x179F;&#x17CB;&#x179A;&#x1794;&#x179F;&#x17CB;&#x1791;&#x1793;&#x17D2;&#x179F;&#x17B6;&#x1799;</subfield>
  </datafield>
  <datafield tag="260" ind1=" " ind2=" ">
    <subfield code="a">Phnom Penh</subfield>
    <subfield code="b">RUA</subfield>
    <subfield code="c">2010</subfield>
  </datafield>
  <datafield tag="300" ind1=" " ind2=" ">
    <subfield code="a">xiii; 41p.</subfield>
    <subfield code="b">ill.</subfield>
    <subfield code="c">29cm.</subfield>
  </datafield>
  <datafield tag="942" ind1=" " ind2=" ">
    <subfield code="2">ddc</subfield>
    <subfield code="c">AVM</subfield>
  </datafield>
  <datafield tag="999" ind1=" " ind2=" ">
    <subfield code="c">2372</subfield>
    <subfield code="d">2372</subfield>
  </datafield>
  <datafield tag="952" ind1=" " ind2=" ">
    <subfield code="0">0</subfield>
    <subfield code="1">0</subfield>
    <subfield code="2">ddc</subfield>
    <subfield code="4">0</subfield>
    <subfield code="6">AVM_SIP_2010_000000000000000_B094_OR_1</subfield>
    <subfield code="7">0</subfield>
    <subfield code="9">10443</subfield>
    <subfield code="a">LBB</subfield>
    <subfield code="b">LBB</subfield>
    <subfield code="c">B094</subfield>
    <subfield code="d">2015-10-20</subfield>
    <subfield code="l">1</subfield>
    <subfield code="o">AVM SIP 2010 B094 Or.1</subfield>
    <subfield code="p">RUA019245</subfield>
    <subfield code="r">2021-02-03</subfield>
    <subfield code="s">2021-01-26</subfield>
    <subfield code="w">2015-10-20</subfield>
    <subfield code="y">AVM</subfield>
  </datafield>
  <datafield tag="952" ind1=" " ind2=" ">
    <subfield code="0">0</subfield>
    <subfield code="1">0</subfield>
    <subfield code="2">ddc</subfield>
    <subfield code="4">0</subfield>
    <subfield code="6">AVM_SIP_2010_000000000000000_B094_OR_2</subfield>
    <subfield code="7">0</subfield>
    <subfield code="9">10444</subfield>
    <subfield code="a">LBB</subfield>
    <subfield code="b">LBB</subfield>
    <subfield code="c">B094</subfield>
    <subfield code="d">2015-10-20</subfield>
    <subfield code="l">3</subfield>
    <subfield code="m">2</subfield>
    <subfield code="o">AVM SIP 2010 B094 Or.2</subfield>
    <subfield code="p">RUA019317</subfield>
    <subfield code="r">2016-07-27</subfield>
    <subfield code="s">2016-06-25</subfield>
    <subfield code="w">2015-10-20</subfield>
    <subfield code="y">AVM</subfield>
  </datafield>
  <datafield tag="952" ind1=" " ind2=" ">
    <subfield code="0">0</subfield>
    <subfield code="1">0</subfield>
    <subfield code="2">ddc</subfield>
    <subfield code="4">0</subfield>
    <subfield code="6">AVM_SIP_2010_000000000000000_B094_OR_3</subfield>
    <subfield code="7">0</subfield>
    <subfield code="9">10445</subfield>
    <subfield code="a">LBB</subfield>
    <subfield code="b">LBB</subfield>
    <subfield code="c">B094</subfield>
    <subfield code="d">2015-10-20</subfield>
    <subfield code="l">1</subfield>
    <subfield code="o">AVM SIP 2010 B094 Or.3</subfield>
    <subfield code="p">RUA015502</subfield>
    <subfield code="q">2017-03-18</subfield>
    <subfield code="r">2017-02-10</subfield>
    <subfield code="s">2017-02-10</subfield>
    <subfield code="w">2015-10-20</subfield>
    <subfield code="y">AVM</subfield>
  </datafield>
  <datafield tag="952" ind1=" " ind2=" ">
    <subfield code="0">0</subfield>
    <subfield code="1">0</subfield>
    <subfield code="2">ddc</subfield>
    <subfield code="4">0</subfield>
    <subfield code="6">AVM_SIP_2010_000000000000000_B094_OR_4</subfield>
    <subfield code="7">0</subfield>
    <subfield code="9">10446</subfield>
    <subfield code="a">LBB</subfield>
    <subfield code="b">LBB</subfield>
    <subfield code="c">B094</subfield>
    <subfield code="d">2015-10-20</subfield>
    <subfield code="l">2</subfield>
    <subfield code="m">1</subfield>
    <subfield code="o">AVM SIP 2010 B094 Or.4</subfield>
    <subfield code="p">RUA015863</subfield>
    <subfield code="r">2016-07-25</subfield>
    <subfield code="s">2016-07-22</subfield>
    <subfield code="w">2015-10-20</subfield>
    <subfield code="y">AVM</subfield>
  </datafield>
  <datafield tag="952" ind1=" " ind2=" ">
    <subfield code="0">0</subfield>
    <subfield code="1">0</subfield>
    <subfield code="2">ddc</subfield>
    <subfield code="4">0</subfield>
    <subfield code="6">AVM_SIP_2010_000000000000000_B094_OR_5</subfield>
    <subfield code="7">0</subfield>
    <subfield code="9">10447</subfield>
    <subfield code="a">LBB</subfield>
    <subfield code="b">LBB</subfield>
    <subfield code="c">B094</subfield>
    <subfield code="d">2015-10-20</subfield>
    <subfield code="o">AVM SIP 2010 B094 Or.5</subfield>
    <subfield code="p">RUA015753</subfield>
    <subfield code="r">2015-10-20</subfield>
    <subfield code="w">2015-10-20</subfield>
    <subfield code="y">AVM</subfield>
  </datafield>
  <datafield tag="952" ind1=" " ind2=" ">
    <subfield code="0">0</subfield>
    <subfield code="1">0</subfield>
    <subfield code="2">ddc</subfield>
    <subfield code="4">0</subfield>
    <subfield code="6">AVM_SIP_2010_000000000000000_B094_OR_6</subfield>
    <subfield code="7">0</subfield>
    <subfield code="9">10448</subfield>
    <subfield code="a">LBB</subfield>
    <subfield code="b">LBB</subfield>
    <subfield code="c">B094</subfield>
    <subfield code="d">2015-10-20</subfield>
    <subfield code="l">1</subfield>
    <subfield code="o">AVM SIP 2010 B094 Or.6</subfield>
    <subfield code="p">RUA015719</subfield>
    <subfield code="r">2025-06-10</subfield>
    <subfield code="s">2024-10-30</subfield>
    <subfield code="w">2015-10-20</subfield>
    <subfield code="y">AVM</subfield>
  </datafield>
  <datafield tag="952" ind1=" " ind2=" ">
    <subfield code="0">0</subfield>
    <subfield code="1">0</subfield>
    <subfield code="2">ddc</subfield>
    <subfield code="4">0</subfield>
    <subfield code="6">AVM_SIP_2010_000000000000000_B094_OR_7</subfield>
    <subfield code="7">0</subfield>
    <subfield code="9">10449</subfield>
    <subfield code="a">LBB</subfield>
    <subfield code="b">LBB</subfield>
    <subfield code="c">B094</subfield>
    <subfield code="d">2015-10-20</subfield>
    <subfield code="l">2</subfield>
    <subfield code="o">AVM SIP 2010 B094 Or.7</subfield>
    <subfield code="p">RUA015466</subfield>
    <subfield code="r">2017-10-13</subfield>
    <subfield code="s">2017-10-11</subfield>
    <subfield code="w">2015-10-20</subfield>
    <subfield code="y">AVM</subfield>
  </datafield>
  <datafield tag="952" ind1=" " ind2=" ">
    <subfield code="0">0</subfield>
    <subfield code="1">0</subfield>
    <subfield code="2">ddc</subfield>
    <subfield code="4">0</subfield>
    <subfield code="6">AVM_SIP_2010_000000000000000_B094_OR_8</subfield>
    <subfield code="7">0</subfield>
    <subfield code="9">10450</subfield>
    <subfield code="a">LBB</subfield>
    <subfield code="b">LBB</subfield>
    <subfield code="c">B094</subfield>
    <subfield code="d">2015-10-20</subfield>
    <subfield code="o">AVM SIP 2010 B094 Or.8</subfield>
    <subfield code="p">RUA015835</subfield>
    <subfield code="r">2015-10-20</subfield>
    <subfield code="w">2015-10-20</subfield>
    <subfield code="y">AVM</subfield>
  </datafield>
  <datafield tag="952" ind1=" " ind2=" ">
    <subfield code="0">0</subfield>
    <subfield code="1">0</subfield>
    <subfield code="2">ddc</subfield>
    <subfield code="4">0</subfield>
    <subfield code="6">AVM_SIP_2010_000000000000000_B094_OR_9</subfield>
    <subfield code="7">0</subfield>
    <subfield code="9">10451</subfield>
    <subfield code="a">LBB</subfield>
    <subfield code="b">LBB</subfield>
    <subfield code="c">B094</subfield>
    <subfield code="d">2015-10-20</subfield>
    <subfield code="l">3</subfield>
    <subfield code="o">AVM SIP 2010 B094 Or.9</subfield>
    <subfield code="p">RUA015834</subfield>
    <subfield code="r">2018-06-15</subfield>
    <subfield code="s">2018-05-23</subfield>
    <subfield code="w">2015-10-20</subfield>
    <subfield code="y">AVM</subfield>
  </datafield>
</record>
